000 00430nam a2200169Ia 4500
008 230917s9999||||xx |||||||||||||| ||und||
020 _cRS550
040 _e213884
_aMAIN
041 _aEnglish
082 _a005.74 H192P
100 _aHand, David
245 0 _aPrinciples of data mining
260 _aDelhi
_bPHI Learning
_c2013
300 _axxxii, 546 p.
500 _a125 17/01/201 170 24/01/2014 Main Budget
942 _cBK
999 _c11107
_d11107